Lectura escogidas en prosa y verso para niños y niñas (Registro nro. 303496)

Detalles MARC
000 -ENCABEZADO
Número de control [NR] 01291nam a2200241 4500
005 - FECHA Y HORA DE LA ÚLTIMA TRANSACCIÓN
control field 20160524115714.0
008 - DE LONGITUD FIJA DE DATOS DE ELEMENTOS - INFORMACIÓN GENERAL
Elementos de longitud fija [NR] 160524s1893 ck |||fr|||| 001 0 spa d
040 ## - FUENTE DE CATALOGACION [NR]
Agencia de catalogación original [NR] CO-BoUCM
Idioma de catalogación [NR] spa
Quien Cataloga Sandra Yazo
Quien Clasifica Sandra Yazo
041 0# - CODIGO DE IDIOMA [R]
Código de idioma para texto/pista de sonido o título separado [R] Español
082 04 - NUMERO DE CLASIFICACION DECIMAL DEWEY [R]
Número de la edición [NR] 20
Número de clasificación [R] 372.412
092 ## - SIGNATURA TOPOGRAFICA LOCAL
Número de clasificación local E40N025
100 1# - ASIENTO PRINCIPAL--NOMBRE PERSONAL [NR]
Nombre personal [NR] Bernal, Rodolfo D.
ID Autoridad 77394
245 10 - MENCION DE TITULO [NR]
Título [NR] Lectura escogidas en prosa y verso para niños y niñas
Mención de responsabilidad, etc. [NR] por Rodolfo D. Bernal
260 ## - PUBLICACION, DISTRIBUCION, ETC. (PIE DE IMPRENTA) [R]
Lugar de publicación, distribución, etc. [R] Bogotá (Colombia)
Nombre del editor, distribuidor, etc. [R] Imprenta de La Luz
Fecha de publicación, distribución, etc. [R] 1893
300 ## - DESCRIPCION FISICA [R]
Extensión [R] xlii, 470 páginas
Dimensiones [R] 17 x 13 cm.
500 ## - NOTA GENERAL [R]
Nota general [NR] Detalles físicos: Encuadernación rígida en cartón forrado en papel. Lomo en cuero con nervaduras sobre costura y adornos en dorado. Tapa delantera con deterioro en borde vertical, raspaduras y dobleces. Guardas decoradas. Hoja de cortesía. Portada impresa en una sola tinta con una anotación manuscrita del autor. Texto impreso en una sola columna. Papel muy manchado, última hoja con bordes rotos
505 0# - NOTA DE CONTENIDO CON FORMATO PREESTABLECIDO [R]
Nota de contenido con formato preestablecido [NR] Advertencias ; Prólogo ; Lectura ideológica ; Sección epistolar ; Fábulas -- Lecturas estéticas ; Poesía lírica
506 ## - NOTA DE RESTRICCIONES DE ACCESO [R]
Condiciones de acceso [NR] Consulta en sala
650 #7 - ASIENTO SECUNDARIO DE MATERIA - TERMINO TEMATICO [R]
9 (RLIN) 18524
Término temático o nombre geográfico como elemento de entrada [NR] Libros y lectura para niños
650 #7 - ASIENTO SECUNDARIO DE MATERIA - TERMINO TEMATICO [R]
9 (RLIN) 11112
Término temático o nombre geográfico como elemento de entrada [NR] Colecciones de escritos
690 ## - ASUNTO AGREGADO LOCAL DE ENTRADA - TÉRMINO TEMÁTICO (OCLC, RLIN)
Acceso temático local Literatura
9 (RLIN) 18599
942 ## - ELEMENTOS DE ENTRADA AGREGADOS (KOHA)
Sistema de clasificación LOCAL
Tipo de ítem principal el descrito en 300a Libro
Edición 1
Clasificación E40N025
Existencias
Suprimido Perdido Sistema de clasificación Dañado No prestable Tipo de ítem específico Ubicación habitual Ubicación actual Localización Fecha de creación Forma de adquisición Costo Total préstamos Signatura topográfica Código de barras Última vez visto Ejemplar Price effective from Tipo de ítem
    LOCAL     Libro archivo Archivo Histórico Archivo Histórico Archivo histórico 24/05/2016 Donación 0.00   E40N025 L005676 24/05/2016 Ej.1 24/05/2016 Libro